00484nam a2200121 a 450000100100000000500170001000800410002704000250006810000220009324501500011526000770026530000200034200002906520200930055317.0110413s1944 dr 000 0 spa d aDO-SdBNPbspacBNPHU1 aRojas, Vicente T.14aLos problemas de la postguerra :bsituación de la República Dominicana en el Momento actual y su posición en el futuro /cVicente T. Rojas. aCiudad Trujillo, República Dominicana :bImprenta la Opinión,c1944. a35 p. ;c21 cm.